| 000 | 00457nam a22001457a 4500 | ||
|---|---|---|---|
| 999 |
_c5069 _d5069 |
||
| 008 | 201106b ||||| |||| 00| 0 eng d | ||
| 082 | 0 | 0 |
_a621.436 _bL2181 |
| 100 |
_9785 _aLamb, John |
||
| 245 | 1 | 0 |
_aPetroleum and its combustion in diesel engines: with special reference to the use of residual fuels _cby John Lamb |
| 260 |
_aLondon _bCharles Griffin & Co _c1955 |
||
| 300 | _aviii, 264 p. | ||
| 365 | _d19.20 | ||
| 650 | 0 | _aMarine Diesel Motors | |
| 942 | _cBK | ||